000 01013nam0a22002891 4500
001 RU\INGAK2\INFOCOMM_61\5000124085
005 20250625203223.0
035 _a(NLR Aleph) 011073394
090 _a11287979
_c11287979
100 _a20160301d1984 |||y0rusy50 ca
101 1 _adut
_crus
102 _aRU
105 _ay z||||
200 1 _aMasja en de beer
_e[Een russ. volkssprookje
_fVormgevingen ill.: W. Andriewitsj]
210 _aM.
_cMalysj
_d1984
215 _a1 л., слож. в 16 с.
_cцв. ил.
_d20 см
300 _aВ вып. дан. на наклейке: Маша и медведь: [Книга-панорама] / Худож. В. Андриевич
517 1 _aМаша и медведь
_e[Книга-панорама]
_zrus
620 _aМосква
686 _aДл330
_2rubbk
702 1 _9z01790
_aAndrievič
_4440
790 1 _9z01702
_aAndriewitsj
_bW.
_4440
801 1 _aRU
_bInfoComm
_c20130218
801 0 _aRU
_bNLR
_gPSBO
852 _aNLR
_jДл01 Д-4/263
942 _cBOOK
980 _aNB